Albert Camus Bibliography - Statistics

General Stats
  • This quiz has been taken 132 times
    6 since last reset
  • The average score is 5 of 40
Answer Stats
Type Year Name % Correct
Essay 1942 The Myth of Sisyphus
100%
Novel 1942 The Stranger
100%
Novel 1947 The Plague
60%
Novel 1971 A Happy Death
40%
Novel 1956 The Fall
40%
Non-Fiction Book 1951 The Rebel
40%
Play 1945 Caligula
20%
Short Story Collection 1957 Exile and the Kingdom
20%
Unfinished Novel 1995 The First Man
20%
Short Story 1957 The Growing Stone
20%
Play 1949 The Just Assassins
20%
Play 1944 The Misunderstanding
20%
Play 1959 The Possessed
20%
Essay Collection 2011 Albert Camus Contre la Peine de Mort
0%
Letter Collection 2015 Albert Camus, Maria Casarès. Correspondance inédite (1944-1959)
0%
Non-Fiction Book 2013 Algerian Chronicles
0%
Essay Collection 1991 Between Hell and Reason: Essays from the Resistance Newspaper "Combat", 1944-1947
0%
Non-Fiction Book 1937 Betwixt and Between
0%
Essay Collection 2005 Camus at "Combat": Writing 1944-1947
0%
Non-Fiction Book 1935 Christian Metaphysics and Neoplatonism
0%
Letter Collection 2017 Correspondence (1944-1959)
0%
Essay 1957 Create Dangerously
0%
Essay Collection 1970 Lyrical and Critical Essays
0%
Essay Collection 1946 Neither Victims nor Executioners
0%
Notebook Collection 1962 Notebooks 1935-1942
0%
Notebook Collection 1965 Notebooks 1943-1951
0%
Notebook Collection 2008 Notebooks 1951-1959
0%
Non-Fiction Book 1938 Nupitals
0%
Essay 1957 Reflections on the Guillotine
0%
Play 1956 Requiem for a Nun
0%
Essay Collection 1961 Resistance, Rebellion, and Death
0%
Short Story 1957 The Adulterous Woman
0%
Short Story 1957 The Artist at Work
0%
Essay 1946 The Crisis of Man
0%
Short Story 1957 The Guest
0%
Short Story 1957 The Renegade
0%
Short Story 1957 The Silent Men
0%
Play 1948 The State of Siege
0%
Essay 1948 Why Spain?
0%
Essay Collection 1976 Youthful Writings
0%
No matching quizzes found
Score Distribution
Percent of People with Each Score
Percentile by Number Answered
Your Score History
You have not taken this quiz since the last reset